Bienvenue à la Médiathèque de Saint-Andiol
banniere
Accueil Recherche avancée Mon compte
handi1 Rechercher dans le catalogue

Filtre   Mots-clés
  Recherche avancée
 
Lister les dernières nouveautés
 
Lister les livres GROS CARACTERES
 
Lister les périodiques (magazines)

handi1 doudous des sisters (Les)

Book Cover
Auteur principal : William Maury
Autres auteurs : Christophe Cazenove
Titre : doudous des sisters (Les)
Support : Livres
Langue : Francais
Publié : DL 2024 Bamboo édition Charnay-lès-Mâcon
Series : Les doudous des sisters
Genre : Bande Dessinée (enfants)
Sujets :
Étiquettes :
Pas de tags
LEADER 01444nam0a2200217 450
001 16868349
010 |a 979-10-411-0677-6  |b rel.  |d 11,9 € 
100 |a 20260529d2026 u u0frey01 ba 
101 0 |a fre 
102 |a FR 
200 0 |a doudous des sisters (Les)  |f dessins & couleurs, William  |g scénario, Cazenove 
207 1 |a   
210 |a Charnay-lès-Mâcon  |c Bamboo édition  |d DL 2024 
215 |a 1 vol. (39 p.)  |c ill. en coul.  |d 30 cm 
330 |a Les deux doudous les plus sympas de la BD comme vous ne les avez jamais vus. Dès que Marine a le dos tourné, ses doudous s'animent et vivent les plus folles aventures. Malgré tout, ils poursuivent toujours le même objectif : protéger leur petite maîtresse à bouclettes blondes des peurs enfantines. Mais aujourd'hui, rien ne va plus ! Puduk a failli à sa mission lors du dernier orage et il est persuadé que Marine va lui en vouloir et va l'envoyer direct dans le carton des doudous qui ne servent à rien. Même son pote Ramollo n'arrive pas à lui remonter le moral. La seule solution est certainement de trouver un autre responsable des mauvaises nuits de la petite Sister. 
461 0 |t Les doudous des sisters  |v 1 
700 0 |a Maury  |b William  |f 1969-....  |4 440 
702 0 |a Cazenove  |b Christophe  |c scénariste BD  |f 1969-....  |4 70 
900 |a Bande Dessinée (enfants) 
901 |a Jeunesse 
995 |a Médiathèque  |c Médiathèque  |f 089021911  |h 089021911  |k BD SIS  |o p  |q j  |r az  |e Médiathèque